000
00279nam a2200109Ia 4500
001
588885
005
20250717120839.0
008
250717s9999 xx 000 0 und d
245
0
_a
Y-7 AMİDÜLMÜLK KÜNDÜRİ
_c
MUSTAFA ALİ CAN
260
_b
ERDEM YAYINLARI
_c
2018
300
_b
133
999
_c
588885
_d
588885